| 000 | 00385 a2200121 4500 | ||
|---|---|---|---|
| 001 | ART_12295 | ||
| 005 | 20260410161905.0 | ||
| 008 | 260409a | ||
| 245 | 1 | 0 | _aThe stochastic frontier production function and average efficiency |
| 100 | 1 | _aLee, Lung-Fei | |
| 700 | 1 | _aTyler, William G. | |
| 773 | 0 |
_tJournal of econometrics _g- Vol. 7, NÂș 3 (jun. 1978) _wREV11720 |
|
| 999 |
_c26243 _d26243 |
||